| 000 | 00552nam a2200205Ia 4500 | ||
|---|---|---|---|
| 003 | GCL | ||
| 008 | 140319s9999 xx 000 0 eng d | ||
| 040 |
_aGCL / _cGCL |
||
| 082 | 0 | 4 |
_a363.1 _bA T |
| 100 | 1 | _aHAYNS,M . R | |
| 245 | 1 | 0 |
_aTHE MANAGEMENT OF RISK TO SOCIETY FROM PATENTIAL ACCIDENTS / _cHAYNS,M . R |
| 700 | 1 | _aALLEM, F.R. | |
| 700 | 1 | _aGARLICK, A.R. | |
| 700 | 1 | _aTAIG, A.R | |
| 260 |
_a[S.N] : _bElsevier Applied Science ، _c1992 |
||
| 650 | 0 | 4 | _aACCIDENTS |
| 650 | 0 | 4 | _aMANAGEMENT |
| 650 | 0 | 4 | _aPROBLEM SOLVING |
| 942 |
_2ddc _cBK |
||
| 999 |
_c23733 _d23733 |
||